| 000 | 00339nam a2200145Ia 4500 | ||
|---|---|---|---|
| 008 | 230312s9999||||xx |||||||||||||| ||und|| | ||
| 020 | _a1-4496-2600-3 | ||
| 082 |
_a610.730 _bMAS-N |
||
| 100 | _aMasters;Kathleen | ||
| 245 | 0 | _aNursing Theories | |
| 260 |
_bWILEY _aUK _c2012 |
||
| 300 | _a448 | ||
| 650 |
_aMedical _vNursing |
||
| 942 | _cBK | ||
| 999 |
_c12582 _d12582 |
||